000 01802cam a22004694i 4500
003 PE-LiUPU
005 20250731173511.0
008 150616s1978 nyu rb 000 0 eng d
020 _a0385013221
035 _a(Sirsi) i9780385013222
040 _aPE-LiUPU
_bspa
_cPE-LiUPU
_erda
049 _aPRUA
082 0 4 _a220.7
_bAB1978
_221
100 1 _aHartman, Louis F.,
_eautor.
245 1 4 _aThe Book of Daniel.
_n23 /
_cLous F. Hartman.
264 1 _aNew York :
_bThe Anchor Bible Doubleday,
_c1978.
300 _a345 páginas ;
_c242 centímetros.
336 _atext
_2rdacontent
337 _aunmediated
_2rdamedia
338 _avolume
_2rdacarrier
490 0 _aThe Anchor Bible ;
_v23
504 _aIncluye bibliografía.
505 0 _aAttribution to Daniel -- Unity of the Book and date -- Other Daniel stories -- Place in canon -- The historical background -- The hasidic origin of the book -- Literary genres -- The romance of the successful courtier -- Apocalyptic -- Text and versions.
526 _aSEG42
526 _aSEG41
526 _aSEG40
526 _aSEG39
526 _aP94
526 _aP87
526 _aP86
526 _aP85
526 _aP77
526 _aP76
526 _aP35
630 _aBiblia.
_pA.T.
_pDaniel
_xComentarios.
942 _2ddc
_cBOOK
949 _a220.7 AB 23 1978
_wDEWEY
_c1
_i41136
_d2016-9-11
_e2016-9-9
_lCCODEBUL1
_mBUL
_n3
_r0
_sY
_tBOOK
_u2015-6-16
_xTEOLOGIA
_zUNKNOWN
_0COMPRA
_o.STAFF. Colección General
994 _aC0
_bPEPRU
596 _a1
999 _a220.7 AB 23 1978
_wDEWEY
_c58944
_i41136
_d58944
_e2018-11-26
_f2021-11-9
_g5
_lCCODEBUL1
_mBUL
_n4
_p12.79
_q12
_r0
_sY
_tBOOK
_u2015-6-16
_xTEOLOGIA
_PP35
_0COMPRA
_o.STAFF. Colección Teología
980 _81
_gALBERTO SANCHEZ Responsable de Automatización